Statistics for Countries with the Most Mangroves

Click here to take the quiz!

General Stats

  • This quiz has been taken 8,605 times
  • The average score is 14 of 20

Answer Stats

km2 Country % Correct
7,675Brazil
96%
23,324Indonesia
90%
1,569United States
90%
2,992Mexico
87%
3,316Australia
86%
1,672Colombia
85%
1,886Thailand
83%
2,404Venezuela
82%
4,726Malaysia
82%
2,064Philippines
74%
2,557Myanmar
69%
4,172Papua New Guinea
66%
1,773Bangladesh
63%
1,324Panama
63%
936Ecuador
62%
1,633Cuba
61%
2,654Nigeria
53%
1,224Mozambique
39%
1,113Cameroon
39%
1,082Gabon
32%

Score Distribution

Percentile by Number Answered

Percent of People with Each Score

Your Score History

You have not taken this quiz